Logo Biblioteca

El valiente y la bella : (Registro nro. 926)

Detalles MARC
000 -LEADER
fixed length control field 01161nam a22002777a 4500
003 - CONTROL NUMBER IDENTIFIER
control field AR-RoUNCS
005 - DATE AND TIME OF LATEST TRANSACTION
control field 20260305081852.0
008 - FIXED-LENGTH DATA ELEMENTS--GENERAL INFORMATION
fixed length control field 180317s2018 ag a cr 001 jcspa
015 ## - NATIONAL BIBLIOGRAPHY NUMBER
National bibliography number AR-2018
020 ## - INTERNATIONAL STANDARD BOOK NUMBER
International Standard Book Number 978-987-4155-40-5
040 ## - CATALOGING SOURCE
Original cataloging agency AR-BaBN
Language of cataloging spa
Transcribing agency AR-RoUNCS
Description conventions aacr
044 ## - COUNTRY OF PUBLISHING/PRODUCING ENTITY CODE
MARC country code ag
ISO country code ar-c
080 1# - UNIVERSAL DECIMAL CLASSIFICATION NUMBER
Universal Decimal Classification number 82-34(82)
Edition identifier 2016
100 1# - MAIN ENTRY--PERSONAL NAME
Personal name Shua, Ana María,
Dates associated with a name 1951-
245 13 - TITLE STATEMENT
Title El valiente y la bella :
Remainder of title cuentos de amor y aventura /
Statement of responsibility, etc. Ana María Shua ; ilustraciones de Pilar Centeno.
250 ## - EDITION STATEMENT
Edition statement 3a ed.
260 ## - PUBLICATION, DISTRIBUTION, ETC.
Place of publication, distribution, etc. Buenos Aires :
Name of publisher, distributor, etc. Planeta Lector,
Date of publication, distribution, etc. 2018.
300 ## - PHYSICAL DESCRIPTION
Extent 144 p. :
Other physical details il. byn ;
Dimensions 19 cm.
490 0# - SERIES STATEMENT
Series statement Planeta Rojo
520 ## - SUMMARY, ETC.
Summary, etc. Descubran estos cuentos populares donde las mujeres no son solo las bellas ni los hombres los valientes. Ocho historias de amor y aventura de distintas partes del mundo que fueron transmitidas de generación en generación y que Ana María Shua adaptó para que podamos leerlas.
Assigning source (Descripción del editor).
650 #7 - SUBJECT ADDED ENTRY--TOPICAL TERM
Source of heading or term embne
Topical term or geographic name entry element Literatura argentina
655 #7 - INDEX TERM--GENRE/FORM
Genre/form data or focus term Cuentos de amor
Source of term embne
655 #7 - INDEX TERM--GENRE/FORM
Genre/form data or focus term Cuentos juveniles
Source of term embne
700 1# - ADDED ENTRY--PERSONAL NAME
Personal name Centeno, Pilar,
Dates associated with a name 1979-
Relator term ilustradora
Relationship ill
942 ## - ADDED ENTRY ELEMENTS (KOHA)
Source of classification or shelving scheme Universal Decimal Classification
Koha item type Obra General
Suppress in OPAC No
Existencias
Withdrawn status Lost status Source of classification or shelving scheme Damaged status Not for loan Collection Home library Current library Date acquired Source of acquisition Total checkouts Full call number Barcode Date last seen Price effective from Koha item type
    Universal Decimal Classification     Colección General Biblioteca Escuela de Ciencias Sociales Biblioteca Escuela de Ciencias Sociales 05/03/2026 Donación 2023   82-34(82) SH562 000587 05/03/2026 05/03/2026 Obra General
Biblioteca de la Escuela Preuniversitaria en Ciencias Sociales y Humanísticas.
Riobamba 250 bis.
CP 2000 - Rosario - Santa Fe
E-Mail: biblioteca@esociales.unr.edu.ar